Online
Catalog

Fabricantes de miseria / (Record no. 35025)

MARC details
000 -CABECERA
campo de control de longitud fija 00604nam a2200181 a 4500
001 - NÚMERO DE CONTROL
campo de control 000035534
005 - FECHA Y HORA DE LA ÚLTIMA TRANSACCIÓN
campo de control 20200930074420.0
008 - DATOS DE LONGITUD FIJA--INFORMACIÓN GENERAL
campo de control de longitud fija 111103s1999 sp 000 0 spa d
020 ## - NÚMERO INTERNACIONAL ESTÁNDAR DEL LIBRO
Número Internacional Estándar del Libro 8401013666
040 ## - FUENTE DE LA CATALOGACIÓN
Centro catalogador/agencia de origen DO-SdBNP
Lengua de catalogación spa
Centro/agencia transcriptor BNPHU
082 ## - NÚMERO DE LA CLASIFICACIÓN DECIMAL DEWEY
Número de clasificación xxxx
Número de documento/Ítem M539f
100 1# - ENTRADA PRINCIPAL--NOMBRE DE PERSONA
Nombre de persona Mendoza, Plinio Apuleyo
9 (RLIN) 61424
245 10 - MENCIÓN DE TÍTULO
Título Fabricantes de miseria /
Mención de responsabilidad, etc. Plinio Apuleyo Mendoza, Carlos Alberto Montaner, Alvaro Vargas Llosa.
260 ## - PUBLICACIÓN, DISTRIBUCIÓN, ETC.
Lugar de publicación, distribución, etc. Barcelona,España :
Nombre del editor, distribuidor, etc. Plaza & Janés Editores,
Fecha de publicación, distribución, etc. 1999.
300 ## - DESCRIPCIÓN FÍSICA
Extensión 316 p. ;
Dimensiones 22 cm.
700 1# - PUNTO DE ACCESO ADICIONAL--NOMBRE DE PERSONA
Nombre de persona Montaner, Carlos Alberto
9 (RLIN) 61425
700 1# - PUNTO DE ACCESO ADICIONAL--NOMBRE DE PERSONA
Nombre de persona Vargas Llosa, Alvaro
9 (RLIN) 61426
Holdings
Estado de retiro Estado de pérdida Restricciones de uso No para préstamo Código de colección Localización permanente Ubicación/localización actual Ubicación en estantería Fecha de adquisición Número de inventario Total de préstamos Signatura topográfica completa Código de barras Fecha visto por última vez Precio válido a partir de Tipo de ítem Koha
      Excluido de préstamo Monografías: Libros y Folletos General General En catalogación 03.11.2011 LF1   xxxx M539f 35534-10 25.06.2020 25.06.2020 No se presta

Powered by Koha